000 00664nam a2200289Ia 4500
005 20260324133302.0
008 008 260324s9999 xx 000 0 eng d
020 _a9781315244303
037 _aEBOOK
040 _aCRL
040 _beng
040 _cCRL
041 _2eng
041 _aeng
084 _qCRL
100 _aVincent Kaufmann
_91192507
245 0 _aRe-Thinking Mobility
245 0 _bContemporary Sociology
260 _bTaylor and Francis
260 _c2003
365 _a
365 _b230
856 _uhttp://www.taylorfrancis.com/books/9781315244303
942 _cEBOOK
999 _c1791405
_d1791405